Winter Olympics Games : Sudden Death - Statistics

General Stats
  • This quiz has been taken 61 times
  • The average score is 14 of 16
Answers on the Grid
Answers color-coded by a green-red scale on the quiz's grid according to % correct below.
Alpine Skiing
Beach Volleyball
Biathlon
Bobsleigh
Breaking
Cross-Country Skiing
Curling
Equestrian
Fencing
Figure Skating
Freestyle Skiing
Ice Hockey
Luge
Modern Pentathlon
Nordic Combined
Short Track Speed Skating
Skateboarding
Skeleton
Ski Jumping
Ski Mountaineering
Snowboard
Speed Skating
Trampoline
Water Polo
 
Answer Stats
Answer % Correct
Bobsleigh
100%
Alpine Skiing
96%
Curling
96%
Ice Hockey
96%
Figure Skating
94%
Ski Jumping
94%
Luge
91%
Cross-Country Skiing
89%
Freestyle Skiing
87%
Nordic Combined
85%
Short Track Speed Skating
85%
Snowboard
83%
Speed Skating
83%
Biathlon
75%
Ski Mountaineering
72%
Skeleton
70%
No matching quizzes found
Score Distribution
Percent of People with Each Score
Percentile by Number Answered
Your Score History
You have not taken this quiz